Jim Brown Filmography - Statistics

General Stats
  • This quiz has been taken 5 times
    3 since last reset
  • The average score is 41 of 68
Answer Stats
Type Year Name % Correct
TV Show 1965 Valentine's Day
100%
Film 1969 100 Rifles
67%
Film 2005 Animal
67%
Film 1999 Any Given Sunday
67%
TV Show 2000 Arli$$
67%
TV Show 1998 Between Brothers
67%
Film 1972 Black Gunn
67%
TV Show 1979, 1983 CHiPs
67%
TV Show 1984 Cover Up
67%
Film 1989 Crack House
67%
Film 1968 Dark of the Sun
67%
Film 2014 Draft Day
67%
Film 2010 Dream Street
67%
Film 1970 El Condor
67%
Film 1978 Fingers
67%
TV Show 1972 Flip
67%
TV Film 1990 Hammer, Slammer, & Slade
67%
Film 1998 He Got Game
67%
Film 1968 Ice Station Zebra
67%
Film 1988 I'm Gonna Git You Sucka
67%
TV Short 1990 In the Director's Chair: The Man Who Invented Edward Scissorhands
67%
TV Show 1967 I Spy
67%
Documentary 2016 Jim Brown's Amer-I-Can Dream
67%
Film 1969 Kenner
67%
Film 1988 Killing American Style
67%
TV Show 1984 Knight Rider
67%
TV Show 1985 Lady Blue
67%
Film 1989 L.A. Heat
67%
TV Show 1997 Living Single
67%
Film 1996 Mars Attacks!
67%
Film 1999 New Jersey Turnpikes
67%
Film 1982 One Down, Two to Go
67%
Film 2002 On the Edge
67%
Film 1996 Original Gangstas
67%
Film 1979 Pacific Inferno
67%
TV Show 1977 Police Story
67%
Film 1964 Rio Conchos
67%
Film 1969 Riot
67%
Film 2004 She Hate Me
67%
TV Film 2006 Sideliners
67%
Film 1972 Slaughter
67%
Film 1973 Slaughter's Big Rip-Off
67%
Film 1998 Small Soldiers
67%
TV Show 2004 Soul Food
67%
TV Film 2004 Sucker Free City
67%
Film 1975 Take a Hard Ride
67%
TV Show 1986 The A-Team
67%
Film 1967 The Dirty Dozen
67%
Film 1992 The Divine Enforcer
67%
Film 1970 The Grasshopper
67%
TV Show 1970 The Movie Game
67%
Film 1987 The Running Man
67%
Film 1973 The Slams
67%
Film 1968 The Split
67%
Film 1974 Three the Hard Way
67%
Film 1970 ...tick...tick...tick...
67%
TV Show 1983, 1984 T.J. Hooker
67%
Film 1990 Twisted Justice
67%
Film 1977 Vengeance
67%
Film 1973 I Escaped from Devil's Island
33%
TV Documentary 2002 Jim Brown: All American
33%
TV Show 1970 The Dean Martin Show
33%
TV Show 1961-1972 The Mike Douglas Show
33%
TV Show 1966 The Milton Berle Show
33%
TV Show 1969 Playboy After Dark
0%
TV Show 1968 The Beautiful Phyllis Diller Show
0%
TV Show 1964 The Ed Sullivan Show
0%
TV Show 1972 The Sonny and Cher Comedy Hour
0%
No matching quizzes found
Score Distribution
Percent of People with Each Score
Percentile by Number Answered
Your Score History
You have not taken this quiz since the last reset